[Event "Pan American-ch School U15 Girls 12th"]
[Site "Callao"]
[Date "2023.10.21"]
[Round "9"]
[White "Ynga Huaman, Luz Marina"]
[Black "Gaspar Guevara, Darling Yasmin"]
[Result "1/2-1/2"]
[WhiteElo "1353"]
[BlackElo "1443"]
[PlyCount "111"]
[EventDate "2023.10.16"]
[EventType "swiss"]
[EventRounds "9"]
[EventCountry "PER"]
[SourceTitle "Mega2024 Update 01"]
[Source "Chessbase"]
[SourceDate "2023.11.12"]
[SourceVersion "1"]
[SourceVersionDate "2023.11.12"]
[SourceQuality "1"]

1. d4 d5 2. Bg5 Nf6 3. Bxf6 gxf6 4. e3 e5 5. c4 Bb4+ 6. Nc3 c6 7. dxe5 Bxc3+ 8. bxc3 fxe5 9. cxd5 Qxd5 10. Qxd5 cxd5 11. Bb5+ Bd7 12. Rb1 Nc6 13. Nf3 f6 14. 0-0 a6 15. Ba4 b5 16. Bb3 Be6 17. e4 dxe4 18. Bxe6 exf3 19. Bd5 Rc8 20. Bxf3 Na5 21. a4 Nc4 22. Rfd1 Rb8 23. axb5 axb5 24. Bc6+ Ke7 25. Rxb5 Rxb5 26. Bxb5 Nd6 27. Be2 Rc8 28. Rc1 Rc5 29. g3 h6 30. Kg2 Ke6 31. c4 Nb5 32. Bf3 Nd4 33. Bd5+ Kd6 34. Rb1 e4 35. Bxe4 Rxc4 36. Rb6+ Ke5 37. Bg6 Rc6 38. Rxc6 Nxc6 39. f4+ Ke6 40. Kh3 f5 41. Kh4 Kf6 42. Kh5 Ne7 43. Be8 Kg7 44. Bd7 Kh7 45. h3 Kg7 46. g4 Ng6 47. Bxf5 Nxf4+ 48. Kh4 Kf6 49. Kg3 Ne2+ 50. Kf3 Nd4+ 51. Ke4 Nc6 52. h4 Ne7 53. Kf4 Nd5+ 54. Ke4 Ne7 55. Kf4 Nd5+ 56. Ke4 1/2-1/2

[Event "Pan American-ch School U15 Girls 12th"]
[Site "Callao"]
[Date "2023.10.18"]
[Round "5"]
[White "Sinchi Dominguez, Niusta Sisa"]
[Black "Ynga Huaman, Luz Marina"]
[Result "0-1"]
[WhiteElo "1209"]
[BlackElo "1353"]
[PlyCount "116"]
[EventDate "2023.10.16"]
[EventType "swiss"]
[EventRounds "9"]
[EventCountry "PER"]
[SourceTitle "Mega2024 Update 01"]
[Source "Chessbase"]
[SourceDate "2023.11.12"]
[SourceVersion "1"]
[SourceVersionDate "2023.11.12"]
[SourceQuality "1"]

1. d4 d5 2. c4 e5 3. dxe5 d4 4. Nf3 Nc6 5. g3 Bb4+ 6. Bd2 Bxd2+ 7. Nbxd2 Bg4 8. Bg2 Nge7 9. 0-0 0-0 10. a3 Ng6 11. Re1 Rb8 12. b4 Ngxe5 13. b5 Bxf3 14. Nxf3 Nxf3+ 15. Bxf3 Ne5 16. Be4 h6 17. Bd3 Qd7 18. Kg2 Rfd8 19. Qc2 c6 20. a4 Qd6 21. Rab1 Qf6 22. Bf5 Nxc4 23. Qxc4 Qxf5 24. bxc6 Qe4+ 25. f3 Qxc6 26. Rec1 Qxc4 27. Rxc4 d3 28. exd3 Rxd3 29. Rc7 Ra3 30. Rcxb7 Rxb7 31. Rxb7 Rxa4 32. Rb8+ Kh7 33. Ra8 Kg6 34. f4 Kf6 35. Re8 Ra6 36. Kf3 Re6 37. Ra8 Re7 38. h3 Ke6 39. Rd8 Rd7 40. f5+ Ke7 41. Rg8 Kf6 42. g4 Rd3+ 43. Kg2 g6 44. Ra8 Ra3 45. fxg6 fxg6 46. Rh8 Kg5 47. Rh7 a5 48. Ra7 Kh4 49. Ra6 Kg5 50. Ra7 h5 51. gxh5 gxh5 52. Rf7 a4 53. Rg7+ Kh4 54. Rh7 Rxh3 55. Rf7 Ra3 56. Rf5 Kg4 57. Ra5 Ra2+ 58. Kg1 Kg3 0-1